[Event "Moscow op-B (Women) 13th"]
[Site "Moscow"]
[Date "2017.02.02"]
[Round "6"]
[White "Bezgodova, Maria"]
[Black "Filippova, Darya"]
[Result "1-0"]
[WhiteElo "2162"]
[BlackElo "2046"]
[PlyCount "128"]
[EventDate "2017.01.28"]
[EventType "swiss"]
[EventRounds "9"]
[EventCountry "RUS"]
[SourceTitle "EXT 2018"]
[Source "ChessBase"]
[SourceDate "2017.10.13"]
[SourceVersion "1"]
[SourceVersionDate "2017.10.13"]
[SourceQuality "1"]

1. e4 c6 2. d3 d5 3. Nd2 e5 4. c3 Be6 5. Ngf3 Nd7 6. Be2 h6 7. 0-0 Ngf6 8. Re1 Qc7 9. Qc2 dxe4 10. dxe4 Bc5 11. h3 g5 12. Nh2 Rg8 13. b4 Bb6 14. Qd1 a5 15. Bb2 Rg6 16. a3 c5 17. Bf3 c4 18. Ndf1 Kf8 19. Ng3 Kg8 20. Nf5 Kh7 21. Nf1 Nf8 22. Qd6 g4 23. Qxc7 Bxc7 24. hxg4 Nxg4 25. N1e3 Nxe3 26. Nxe3 Rd8 27. Rad1 Nd7 28. Be2 b5 29. a4 Nb6 30. axb5 a4 31. Rxd8 Bxd8 32. Rd1 Bc7 33. Bc1 Rg8 34. Nd5 Bxd5 35. exd5 Rd8 36. Bf3 f5 37. Be3 Nc8 38. Be2 Nd6 39. b6 Bb8 40. Ra1 Ne4 41. Rc1 Rc8 42. f3 Ng3 43. Kf2 Nxe2 44. Kxe2 Rd8 45. Ra1 Rxd5 46. Rxa4 Rd3 47. Ra8 Rd8 48. b7 Rg8 49. Kf1 f4 50. Ba7 Bxa7 51. Rxa7 Rb8 52. Ra5 Rxb7 53. Rxe5 Kg6 54. Re4 Kg5 55. Rxc4 Ra7 56. Kg1 h5 57. Kh2 h4 58. Rc5+ Kg6 59. b5 Rb7 60. c4 Rb8 61. Rc6+ Kg5 62. Rc5+ Kg6 63. Kh3 Rh8 64. b6 Rb8 1-0

[Event "Moscow op-B (Women) 13th"]
[Site "Moscow"]
[Date "2017.02.01"]
[Round "5"]
[White "Matsenko, Elena"]
[Black "Bezgodova, Maria"]
[Result "0-1"]
[WhiteElo "1962"]
[BlackElo "2162"]
[PlyCount "140"]
[EventDate "2017.01.28"]
[EventType "swiss"]
[EventRounds "9"]
[EventCountry "RUS"]
[SourceTitle "EXT 2018"]
[Source "ChessBase"]
[SourceDate "2017.10.13"]
[SourceVersion "1"]
[SourceVersionDate "2017.10.13"]
[SourceQuality "1"]

1. e4 e5 2. Nf3 Nc6 3. Nc3 Nf6 4. g3 Bb4 5. Bg2 0-0 6. 0-0 d6 7. d3 h6 8. h3 Be6 9. Be3 Qd7 10. Kh2 d5 11. exd5 Nxd5 12. Nxd5 Bxd5 13. a3 Bd6 14. Nd2 Bxg2 15. Kxg2 Rae8 16. Ne4 Be7 17. Kh2 b6 18. Nc3 Bg5 19. Bxg5 hxg5 20. Qg4 f5 21. Qc4+ Kh7 22. Qd5 Rd8 23. Qxd7 Rxd7 24. Ne2 Re8 25. Rad1 Kg6 26. Kg2 Kf6 27. f3 g6 28. Rde1 Rh8 29. Rf2 Rdh7 30. Rh1 Ne7 31. Nc3 Nc6 32. Ne2 Ke6 33. Rff1 Kd6 34. Rd1 Ne7 35. Nc3 c5 36. Rde1 Nc6 37. Nd1 b5 38. Nf2 Nd4 39. c3 Nc6 40. Re2 Kc7 41. Rhe1 Rd8 42. Rc1 Rhd7 43. Rec2 c4 44. dxc4 bxc4 45. Re1 Rd2 46. Re2 Rxc2 47. Rxc2 Na5 48. Re2 Rd5 49. Kf1 Nb3 50. Rc2 Kc6 51. Ke1 Kd6 52. Ke2 Ke6 53. Ke1 Rd8 54. Ke2 Rb8 55. Nd1 f4 56. g4 e4 57. fxe4 Ke5 58. Nf2 Rd8 59. Kf3 Rd2 60. Rxd2 Nxd2+ 61. Ke2 Nxe4 62. Nd1 Nc5 63. Nf2 Kd5 64. Nd1 a5 65. Kf3 Nd3 66. Ke2 a4 67. Kf3 Ke5 68. Ke2 Ke4 69. Kd2 Kf3 70. b4 axb3 0-1

[Event "Wch U20 Girls 31st"]
[Site "Kocaeli"]
[Date "2013.09.23"]
[Round "10"]
[White "Bezgodova, Maria"]
[Black "Assaubayeva, Bibissara"]
[Result "1-0"]
[WhiteElo "2172"]
[BlackElo "1761"]
[PlyCount "143"]
[EventDate "2013.09.13"]
[EventType "swiss"]
[EventRounds "13"]
[EventCountry "TUR"]
[SourceTitle "CBM 156 Extra"]
[Source "ChessBase"]
[SourceDate "2013.10.22"]
[SourceVersion "1"]
[SourceVersionDate "2013.10.22"]
[SourceQuality "1"]

1. e4 c5 2. Nf3 d6 3. d4 cxd4 4. Nxd4 Nf6 5. Nc3 g6 6. Be2 Bg7 7. 0-0 0-0 8. Bg5 Nc6 9. Nb3 a6 10. Re1 b5 11. Bf1 Bb7 12. Qd2 Ne5 13. Nd5 Bxd5 14. exd5 Rc8 15. c3 Qc7 16. Nd4 Qc5 17. a4 Qxd5 18. axb5 axb5 19. Nxb5 Qxd2 20. Bxd2 Ra8 21. Nd4 Rxa1 22. Rxa1 Ne4 23. Be1 Nc5 24. b4 Ncd3 25. Bd2 Rc8 26. b5 Nc5 27. f4 Ned7 28. Ra7 Bf6 29. g3 Nb6 30. Nc6 Kf8 31. c4 Ke8 32. Ba5 Ncd7 33. Ra6 Na4 34. Bg2 Ndc5 35. Ra7 Nd7 36. Bd2 Nab6 37. Bf1 Nc5 38. Be3 Ncd7 39. Ra6 Na8 40. b6 Ndxb6 41. Bxb6 Nxb6 42. Rxb6 Kd7 43. Bg2 Rc7 44. Kf1 e6 45. Ke2 h6 46. Kd3 g5 47. f5 g4 48. Rb8 Rxc6 49. Bxc6+ Kxc6 50. Rf8 exf5 51. Rxf7 Bg5 52. Rxf5 Kd7 53. Ke4 Ke6 54. Ra5 Bf6 55. Kf4 Bc3 56. Rb5 Be5+ 57. Kxg4 Kf7 58. Kh5 Bg7 59. Rf5+ Ke6 60. Kg6 Bd4 61. Rf1 Bc3 62. Kxh6 Ke5 63. Rd1 Ke6 64. g4 Be5 65. h4 Kf7 66. Kh7 Kf8 67. Rf1+ Ke7 68. g5 Kd7 69. g6 Kc6 70. g7 Bxg7 71. Kxg7 Kc5 72. Rh1 1-0

[Event "Wch U20 Girls 31st"]
[Site "Kocaeli"]
[Date "2013.09.14"]
[Round "2"]
[White "Bezgodova, Maria"]
[Black "Arabidze, Meri"]
[Result "1-0"]
[WhiteElo "2172"]
[BlackElo "2379"]
[PlyCount "99"]
[EventDate "2013.09.13"]
[EventType "swiss"]
[EventRounds "13"]
[EventCountry "TUR"]
[SourceTitle "CBM 156 Extra"]
[Source "ChessBase"]
[SourceDate "2013.10.22"]
[SourceVersion "1"]
[SourceVersionDate "2013.10.22"]
[SourceQuality "1"]

1. e4 c5 2. Ne2 e6 3. g3 d5 4. Bg2 dxe4 5. Bxe4 Nf6 6. Bg2 Nc6 7. 0-0 Be7 8. d3 0-0 9. Na3 e5 10. Nc4 Qc7 11. Nc3 Bg4 12. f3 Bh5 13. Kh1 Rad8 14. Qe1 Nd4 15. Qf2 b5 16. Ne3 Bg6 17. f4 exf4 18. gxf4 b4 19. Ncd5 Nxd5 20. Nxd5 Qd7 21. Be3 Bf5 22. Bxd4 cxd4 23. Qxd4 Kh8 24. Qe3 Bd6 25. Qd2 a5 26. d4 Bb8 27. c3 Be6 28. Ne3 bxc3 29. bxc3 Bh3 30. Rad1 Rfe8 31. d5 Ba7 32. Bxh3 Qxh3 33. Ng2 Rd6 34. Qd3 Qh5 35. Qf3 Qxf3 36. Rxf3 Re2 37. c4 Rxa2 38. c5 Bxc5 39. Rc3 Bb6 40. Ne3 Rd8 41. Nc4 Bf2 42. Ne5 Kg8 43. d6 g6 44. d7 Bh4 45. Rc8 Kg7 46. Nc6 Rf8 47. Re8 a4 48. Ne7 Bxe7 49. Rxe7 Rb2 50. Re8 1-0

[Event "Wch U20 Girls 31st"]
[Site "Kocaeli"]
[Date "2013.09.13"]
[Round "1"]
[White "Arig, Busra"]
[Black "Bezgodova, Maria"]
[Result "0-1"]
[WhiteElo "1788"]
[BlackElo "2172"]
[PlyCount "70"]
[EventDate "2013.09.13"]
[EventType "swiss"]
[EventRounds "13"]
[EventCountry "TUR"]
[SourceTitle "CBM 156 Extra"]
[Source "ChessBase"]
[SourceDate "2013.10.22"]
[SourceVersion "1"]
[SourceVersionDate "2013.10.22"]
[SourceQuality "1"]

1. d4 d5 2. Nf3 c5 3. e3 Nf6 4. c4 cxd4 5. exd4 Nc6 6. h3 Bf5 7. a3 e6 8. Bg5 Be7 9. Nc3 dxc4 10. Bxc4 0-0 11. 0-0 Rc8 12. Re1 h6 13. Bh4 a6 14. Rc1 Nd5 15. Nxd5 Bxh4 16. Nxh4 Qxh4 17. Nb6 Rcd8 18. d5 exd5 19. Bxd5 Qf6 20. Qa4 Nd4 21. Qa5 Rd6 22. Nc4 b6 23. Bxf7+ Rxf7 24. Qxa6 Nf3+ 25. gxf3 Bxh3 26. Re8+ Kh7 27. Ne3 Qxf3 28. Qa8 Qxf2+ 29. Kh1 Qh4 30. Qe4+ Qxe4+ 31. Rxe4 Bd7 32. Rec4 Rf3 33. R4c3 Rg6 34. Nc4 Rf4 35. R1c2 Rh4+ 0-1

[Event "Maccabiah IM1"]
[Site "Jerusalem"]
[Date "2013.07.26"]
[Round "8"]
[White "Ujhazi, Ivan"]
[Black "Bezgodova, Maria"]
[Result "1-0"]
[WhiteElo "2221"]
[BlackElo "2187"]
[PlyCount "81"]
[EventDate "2013.07.21"]
[EventType "tourn"]
[EventRounds "9"]
[EventCountry "ISR"]
[EventCategory "3"]
[SourceTitle "CBM 155 Extra"]
[Source "ChessBase"]
[SourceDate "2013.08.26"]
[SourceVersion "1"]
[SourceVersionDate "2013.08.26"]
[SourceQuality "1"]

1. e4 e5 2. Nc3 Nf6 3. f4 d5 4. fxe5 Nxe4 5. Nf3 Ng5 6. d4 Nxf3+ 7. Qxf3 c6 8. Bd3 Qh4+ 9. Qf2 Qxf2+ 10. Kxf2 Be7 11. Rf1 0-0 12. Kg1 Nd7 13. Bd2 Nb6 14. Rae1 Nc4 15. Bc1 Bh4 16. g3 Be7 17. Kg2 Be6 18. Ne2 c5 19. b3 Na5 20. Ba3 Nc6 21. Bxc5 Bxc5 22. dxc5 Rac8 23. Nf4 Nb8 24. c4 g5 25. Nxd5 Rxc5 26. Nf6+ Kg7 27. Nxh7 Rd8 28. Bb1 Rd2+ 29. Kg1 Bh3 30. Rxf7+ Kxf7 31. Nxg5+ Ke7 32. Nxh3 Nc6 33. Nf4 Nxe5 34. Be4 b6 35. Re2 Rd1+ 36. Kg2 b5 37. Bc2 Rc1 38. b4 Rxc4 39. Rxe5+ Kd6 40. Re6+ Kc7 41. Bb3 1-0

[Event "Maccabiah IM1"]
[Site "Jerusalem"]
[Date "2013.07.21"]
[Round "1"]
[White "Bezgodova, Maria"]
[Black "Mindlin, Alon"]
[Result "1/2-1/2"]
[WhiteElo "2187"]
[BlackElo "2263"]
[PlyCount "70"]
[EventDate "2013.07.21"]
[EventType "tourn"]
[EventRounds "9"]
[EventCountry "ISR"]
[EventCategory "3"]
[SourceTitle "CBM 155 Extra"]
[Source "ChessBase"]
[SourceDate "2013.08.26"]
[SourceVersion "1"]
[SourceVersionDate "2013.08.26"]
[SourceQuality "1"]

1. e4 e5 2. Nf3 Nc6 3. d4 exd4 4. Nxd4 Nf6 5. Nc3 Bb4 6. Nxc6 bxc6 7. Bd3 d5 8. exd5 cxd5 9. Qe2+ Qe7 10. Qxe7+ Kxe7 11. 0-0 c5 12. Bd2 Be6 13. Rfe1 Rab8 14. b3 c4 15. bxc4 dxc4 16. Bxc4 Rbc8 17. Bxe6 fxe6 18. Ne4 Bxd2 19. Nxd2 Rxc2 20. Nf3 Rd8 21. h3 h6 22. Re3 Rd6 23. a3 Nd5 24. Re4 Nc3 25. Rb4 a5 26. Rg4 Kf6 27. Rf4+ Ke7 28. Kf1 Rd1+ 29. Rxd1 Nxd1 30. Ne5 Nb2 31. Rd4 Rc3 32. Rd7+ Kf8 33. Rd8+ Ke7 34. Rd7+ Kf8 35. Rd8+ Ke7 1/2-1/2

[Event "Moscow-ch (Women)"]
[Site "Moscow"]
[Date "2013.03.29"]
[Round "7"]
[White "Bezgodova, Maria"]
[Black "Utiatskaja, Irina"]
[Result "1-0"]
[WhiteElo "2177"]
[BlackElo "2024"]
[PlyCount "117"]
[EventDate "2013.03.22"]
[EventType "swiss"]
[EventRounds "9"]
[EventCountry "RUS"]
[SourceTitle "CBM 153 Extra"]
[Source "ChessBase"]
[SourceDate "2013.04.22"]
[SourceVersion "1"]
[SourceVersionDate "2013.04.22"]
[SourceQuality "1"]

1. e4 c5 2. Nf3 d6 3. d4 cxd4 4. Nxd4 Nf6 5. Nc3 a6 6. Be2 e5 7. Nb3 Be7 8. Bg5 Be6 9. Bxf6 Bxf6 10. Qd3 0-0 11. 0-0-0 Qb6 12. Rhf1 Nc6 13. Kb1 Rfd8 14. Nd5 Bxd5 15. exd5 Nb4 16. Qd2 a5 17. c3 Na6 18. Qc2 a4 19. Nd2 Nc5 20. Nc4 Qc7 21. Na3 e4 22. Nb5 Qb6 23. f3 a3 24. b3 Ra5 25. c4 e3 26. Bd3 Nxd3 27. Qxd3 Re8 28. Rfe1 Raa8 29. Re2 g6 30. Rde1 Rec8 31. Qxe3 Qa6 32. f4 Rc5 33. Qd3 Kg7 34. g4 Rxb5 35. cxb5 Qb6 36. g5 Bb2 37. f5 gxf5 38. Qxf5 Qxb5 39. Re7 Rf8 40. Rf1 Kg8 41. Rxf7 Qxf1+ 42. Qxf1 Rxf7 43. Qe2 Rc7 44. Qe3 Kg7 45. h4 Rc1+ 46. Qxc1 Bxc1 47. Kxc1 Kg6 48. Kd2 Kh5 49. Ke3 Kg4 50. Ke4 b6 51. Ke3 b5 52. b4 Kf5 53. Kf3 Ke5 54. Kg4 Kxd5 55. Kf5 Kc4 56. h5 d5 57. g6 hxg6+ 58. hxg6 d4 59. g7 1-0

[Event "Moscow-ch (Women)"]
[Site "Moscow"]
[Date "2013.03.26"]
[Round "5"]
[White "Bezgodova, Maria"]
[Black "Vasilevich, Irina"]
[Result "0-1"]
[WhiteElo "2177"]
[BlackElo "2363"]
[PlyCount "82"]
[EventDate "2013.03.22"]
[EventType "swiss"]
[EventRounds "9"]
[EventCountry "RUS"]
[SourceTitle "CBM 153 Extra"]
[Source "ChessBase"]
[SourceDate "2013.04.22"]
[SourceVersion "1"]
[SourceVersionDate "2013.04.22"]
[SourceQuality "1"]

1. e4 c5 2. Nf3 e6 3. d4 cxd4 4. Nxd4 Nc6 5. Nc3 Qc7 6. Be2 a6 7. 0-0 Nf6 8. Be3 Be7 9. f4 d6 10. Kh1 0-0 11. Qe1 Nxd4 12. Bxd4 b5 13. e5 Nd7 14. Bd3 dxe5 15. fxe5 Bb7 16. Ne4 Rad8 17. c3 Bxe4 18. Qxe4 g6 19. b4 Nb6 20. Rac1 Nc4 21. Rfe1 Rd7 22. a4 bxa4 23. Ra1 a3 24. Bg1 Nd2 25. Qe2 Qxc3 26. Bxa6 Bxb4 27. Rec1 Qb2 28. Qg4 Be7 29. Qa4 Rfd8 30. Rd1 Qb3 31. Qf4 Qb4 32. Qh6 Bf8 33. Qg5 Qa5 34. Be2 Ne4 35. Qf4 Rxd1 36. Bxd1 Qc3 37. Rb1 a2 38. Rb7 Ng5 39. h4 Rxd1 40. hxg5 Rxg1+ 41. Kh2 Rh1+ 0-1

[Event "EU-Cup (Women) 17th"]
[Site "Eilat"]
[Date "2012.10.13"]
[Round "3.3"]
[White "Bezgodova, Maria"]
[Black "Tsifanskaya, Ludmila A"]
[Result "1/2-1/2"]
[WhiteElo "2177"]
[BlackElo "2087"]
[PlyCount "147"]
[EventDate "2012.10.11"]
[EventType "team-tourn"]
[EventRounds "7"]
[EventCountry "ISR"]
[SourceTitle "CBM 150 Extra"]
[Source "ChessBase"]
[SourceDate "2012.10.19"]
[SourceVersion "1"]
[SourceVersionDate "2012.10.19"]
[SourceQuality "1"]
[WhiteTeam "Ugra (W)"]
[BlackTeam "Ashdod (W)"]
[WhiteTeamCountry "RUS"]
[BlackTeamCountry "ISR"]

1. e4 c5 2. Nf3 e6 3. d4 cxd4 4. Nxd4 Nf6 5. Nc3 Nc6 6. Nxc6 bxc6 7. e5 Nd5 8. Ne4 f5 9. exf6 Nxf6 10. Nd6+ Bxd6 11. Qxd6 Qb6 12. Bd3 Ba6 13. c4 c5 14. Qg3 0-0 15. 0-0 d5 16. b3 Rad8 17. Be3 Rd7 18. Rac1 d4 19. Bd2 Bb7 20. f3 Re8 21. Rfe1 Rf7 22. Re2 Nd7 23. Qh3 Nf8 24. Rce1 Bc8 25. Re5 Ng6 26. Bxg6 hxg6 27. Qg4 Ref8 28. Qxg6 Rf5 29. Rxf5 Rxf5 30. Qe8+ Rf8 31. Qe7 Rf7 32. Qg5 Qc7 33. Re4 Rf5 34. Qg3 e5 35. f4 exf4 36. Rxf4 Rxf4 37. Qxf4 Qc6 38. Qf3 Qg6 39. Qd5+ Kh7 40. Qxc5 Bb7 41. Qg5 Qb1+ 42. Kf2 Qxa2 43. Qf5+ Kg8 44. Qd3 Qb2 45. b4 Be4 46. Qe2 d3 47. Qe3 Qf6+ 48. Kg1 Qg6 49. Qg5 Qc6 50. Bc3 Bg6 51. Qe5 Qd7 52. Bd2 Bf7 53. c5 a6 54. Kf2 Bc4 55. Ke3 Bb5 56. g3 Qc6 57. Kd4 Qc8 58. Qd5+ Kh7 59. Qh5+ Kg8 60. Qd5+ Kh7 61. h4 Qh3 62. Qh5+ Kg8 63. Qd5+ Kh7 64. Qe4+ Kg8 65. Qf3 Qh2 66. Qe3 Qh3 67. Kc3 Qg4 68. Qf4 Qd1 69. Kd4 Qg1+ 70. Qe3 Qa1+ 71. Kd5 Qh1+ 72. Kd4 Qa1+ 73. Kd5 Qh1+ 74. Kd4 1/2-1/2

[Event "St Petersburg Botvinnik Memorial op"]
[Site "St Petersburg"]
[Date "2012.08.29"]
[Round "5"]
[White "Chigaeva, Anastasia"]
[Black "Bezgodova, Maria"]
[Result "1/2-1/2"]
[WhiteElo "2002"]
[BlackElo "2206"]
[PlyCount "83"]
[EventDate "2012.08.25"]
[EventType "swiss"]
[EventRounds "9"]
[EventCountry "RUS"]
[SourceTitle "CBM 150 Extra"]
[Source "ChessBase"]
[SourceDate "2012.10.19"]
[SourceVersion "1"]
[SourceVersionDate "2012.10.19"]
[SourceQuality "1"]

1. e4 e5 2. Nf3 Nc6 3. Nc3 Nf6 4. d4 exd4 5. Nxd4 Bb4 6. Nxc6 bxc6 7. Bd3 0-0 8. 0-0 d6 9. h3 Re8 10. Qf3 Nd7 11. Bf4 Ne5 12. Qg3 Nxd3 13. cxd3 Qf6 14. Rac1 Rb8 15. Nd1 Bd7 16. b3 Qg6 17. Ne3 Qxg3 18. Bxg3 Bd2 19. Rc2 Bxe3 20. fxe3 f5 21. e5 dxe5 22. Rc5 Rb5 23. Rfc1 a6 24. Rxb5 axb5 25. Rc5 e4 26. dxe4 Rxe4 27. Kf2 Re8 28. Bxc7 Ra8 29. Rc2 c5 30. Rd2 Be6 31. Rd8+ Rxd8 32. Bxd8 c4 33. bxc4 Bxc4 34. a3 Kf7 35. g3 Ke6 36. h4 Ke5 37. Ba5 Ke4 38. Bb4 g6 39. Bf8 Bd5 40. Be7 Be6 41. Bb4 Bc4 42. Bd6 1/2-1/2

[Event "RUS-ch U20 Girls"]
[Site "Sochi"]
[Date "2012.04.25"]
[Round "8"]
[White "Bodnaruk, Anastasia"]
[Black "Bezgodova, Maria"]
[Result "1/2-1/2"]
[WhiteElo "2412"]
[BlackElo "2200"]
[PlyCount "100"]
[EventDate "2012.04.18"]
[EventType "tourn"]
[EventRounds "9"]
[EventCountry "RUS"]
[EventCategory "1"]
[SourceTitle "CBM 148 Extra"]
[Source "ChessBase"]
[SourceDate "2012.06.22"]
[SourceVersion "1"]
[SourceVersionDate "2012.06.22"]
[SourceQuality "1"]

1. e4 e5 2. Nf3 Nc6 3. Bb5 Nf6 4. 0-0 Nxe4 5. Re1 Nd6 6. Nxe5 Nxe5 7. Rxe5+ Be7 8. Bf1 0-0 9. d4 Bf6 10. Re1 Nf5 11. d5 d6 12. Nd2 Nh4 13. a4 a5 14. Ne4 Be7 15. g3 Ng6 16. f4 c6 17. c4 Bf5 18. Ra3 cxd5 19. cxd5 Rc8 20. Qd4 Qd7 21. Bb5 Qc7 22. Rc3 Qd8 23. Rxc8 Qxc8 24. Bd2 Bxe4 25. Qxe4 Bf6 26. Bxa5 Qc5+ 27. Kg2 Bxb2 28. Bb4 Qb6 29. h4 Rd8 30. Bd3 Bf6 31. a5 Qc7 32. h5 Nf8 33. Qf5 Bd4 34. Bb5 Bc5 35. Bd2 Bd4 36. Bb4 Bc5 37. Rc1 Qe7 38. Re1 Qc7 39. Rc1 Qe7 40. Re1 Qc7 41. Bc3 Bf2 42. Kxf2 Qxc3 43. Re7 Qd2+ 44. Kf3 Qd1+ 45. Kg2 f6 46. Bd3 Qd2+ 47. Kh3 Qd1 48. Kg2 Qd2+ 49. Kh3 Qd1 50. Kg2 Qd2+ 1/2-1/2

[Event "RUS-ch U20 Girls"]
[Site "Sochi"]
[Date "2012.04.24"]
[Round "7"]
[White "Bezgodova, Maria"]
[Black "Balaian, Alina"]
[Result "1-0"]
[WhiteElo "2200"]
[BlackElo "2203"]
[PlyCount "107"]
[EventDate "2012.04.18"]
[EventType "tourn"]
[EventRounds "9"]
[EventCountry "RUS"]
[EventCategory "1"]
[SourceTitle "CBM 148 Extra"]
[Source "ChessBase"]
[SourceDate "2012.06.22"]
[SourceVersion "1"]
[SourceVersionDate "2012.06.22"]
[SourceQuality "1"]

1. e4 e6 2. d4 d5 3. Nd2 Nf6 4. e5 Nfd7 5. Bd3 c5 6. c3 Nc6 7. Ne2 cxd4 8. cxd4 f6 9. Nf4 Nxd4 10. Qh5+ Ke7 11. exf6+ Nxf6 12. Ng6+ hxg6 13. Qxh8 Kf7 14. Qh4 e5 15. Nf3 Nxf3+ 16. gxf3 Bf5 17. Bxf5 gxf5 18. Bg5 Qa5+ 19. Kf1 g6 20. Qh8 Qa6+ 21. Kg2 Re8 22. Rac1 Be7 23. Qh4 Qa5 24. Rhe1 d4 25. b4 Bxb4 26. Bxf6 Bxe1 27. Bh8 Rxh8 28. Qxh8 Bc3 29. Qh7+ Kf6 30. Qh8+ Kf7 31. Qh7+ Kf6 32. Qg8 Qc7 33. Qf8+ Qf7 34. Qd6+ Qe6 35. Qf8+ Qf7 36. Qh8+ Qg7 37. Qb8 b6 38. Qd6+ Kf7 39. Qd5+ Kf8 40. Qa8+ Kf7 41. Qxa7+ Kg8 42. Qxb6 g5 43. Qb8+ Qf8 44. Qxe5 g4 45. Qd5+ Kh8 46. fxg4 Qb4 47. Qxf5 Qb7+ 48. Kh3 Qc6 49. Qf8+ Kh7 50. Qf7+ Kh8 51. Rb1 Bb2 52. Qb3 Qc3+ 53. Kg2 Qc6+ 54. f3 1-0

[Event "RUS-ch U20 Girls"]
[Site "Sochi"]
[Date "2012.04.21"]
[Round "5"]
[White "Belenkaya, Dina"]
[Black "Bezgodova, Maria"]
[Result "1/2-1/2"]
[WhiteElo "2229"]
[BlackElo "2200"]
[PlyCount "82"]
[EventDate "2012.04.18"]
[EventType "tourn"]
[EventRounds "9"]
[EventCountry "RUS"]
[EventCategory "1"]
[SourceTitle "CBM 148 Extra"]
[Source "ChessBase"]
[SourceDate "2012.06.22"]
[SourceVersion "1"]
[SourceVersionDate "2012.06.22"]
[SourceQuality "1"]

1. e4 e5 2. Nf3 Nc6 3. Bb5 Nf6 4. d3 d6 5. 0-0 Bd7 6. Nc3 g6 7. d4 exd4 8. Nxd4 Nxd4 9. Bxd7+ Qxd7 10. Qxd4 Bg7 11. Bg5 Nh5 12. Qd2 0-0 13. Nd5 f6 14. Bh4 c6 15. Ne3 f5 16. exf5 gxf5 17. Nc4 d5 18. f4 Qc7 19. Qd1 Nxf4 20. Bg3 dxc4 21. Bxf4 Qb6+ 22. Kh1 Qd4 23. Qh5 Rad8 24. c3 Qd7 25. Rae1 Qf7 26. Qg5 Qf6 27. Qg3 Qg6 28. Qf2 a6 29. Qc5 b5 30. Re3 Rd3 31. Re7 Rfd8 32. Qa7 Rd1 33. Ree1 Rxe1 34. Rxe1 Re8 35. Rxe8+ Qxe8 36. h3 Qc8 37. Qe7 h6 38. Bd6 a5 39. a3 Bf8 40. Qf6 Bxd6 41. Qg6+ Kf8 1/2-1/2

[Event "EU-ch rapid (Women)"]
[Site "Gaziantep"]
[Date "2012.03.15"]
[Round "8"]
[White "Borosova, Zuzana"]
[Black "Bezgodova, Maria"]
[Result "1-0"]
[WhiteElo "2302"]
[BlackElo "2200"]
[PlyCount "118"]
[EventDate "2012.03.15"]
[EventType "swiss (rapid)"]
[EventRounds "11"]
[EventCountry "TUR"]
[SourceTitle "CBM 147 Extra"]
[Source "ChessBase"]
[SourceDate "2012.04.24"]
[SourceVersion "1"]
[SourceVersionDate "2012.04.24"]
[SourceQuality "1"]

1. e4 e5 2. Nf3 Nc6 3. Bb5 Nf6 4. d3 d6 5. c3 g6 6. 0-0 Bg7 7. d4 0-0 8. Bxc6 bxc6 9. Re1 exd4 10. cxd4 d5 11. e5 Ne4 12. Nfd2 Nxd2 13. Nxd2 f6 14. Nb3 fxe5 15. dxe5 Qh4 16. Qd4 Qxd4 17. Nxd4 Bd7 18. Nb3 Rfe8 19. f4 Rab8 20. Be3 g5 21. g3 gxf4 22. Bxf4 Bf8 23. Rac1 Rb5 24. Red1 a5 25. Rd4 Ra8 26. e6 Be8 27. Rd2 Bb4 28. Re2 a4 29. Nd4 Bc5 30. Be5 Rab8 31. Kg2 Bxd4 32. Bxd4 Rb4 33. Be5 R8b5 34. e7 Re4 35. Rcc2 Kf7 36. Bxc7 Kxe7 37. Bf4 Bg6 38. Rcd2 Kd7 39. h4 Rxe2+ 40. Rxe2 Be4+ 41. Kf2 c5 42. g4 Ke6 43. Bh6 Rb7 44. Kg3 c4 45. Be3 Ke5 46. Bf4+ Kd4 47. Rd2+ Bd3 48. Bg5 Rb6 49. Bd8 Rd6 50. Ba5 Ke3 51. Rf2 Be4 52. Bd2+ Kd3 53. Bf4 c3 54. Bxd6 cxb2 55. Rxb2 Kc3 56. Be5+ d4 57. Rb8 a3 58. Rb3+ Kc4 59. Bxd4 Kd5 1-0

[Event "EU-ch rapid (Women)"]
[Site "Gaziantep"]
[Date "2012.03.15"]
[Round "2"]
[White "Kashlinskaya, Alina"]
[Black "Bezgodova, Maria"]
[Result "1-0"]
[WhiteElo "2377"]
[BlackElo "2200"]
[PlyCount "60"]
[EventDate "2012.03.15"]
[EventType "swiss (rapid)"]
[EventRounds "11"]
[EventCountry "TUR"]
[SourceTitle "CBM 147 Extra"]
[Source "ChessBase"]
[SourceDate "2012.04.24"]
[SourceVersion "1"]
[SourceVersionDate "2012.04.24"]
[SourceQuality "1"]

1. d4 d5 2. c4 e6 3. Nc3 c5 4. cxd5 exd5 5. Nf3 Nc6 6. g3 Nf6 7. Bg2 Be7 8. 0-0 0-0 9. Bg5 cxd4 10. Nxd4 Be6 11. Nxe6 fxe6 12. Bh3 Kh8 13. Bxe6 d4 14. Nb1 Ne4 15. Bxe7 Qxe7 16. Bd5 Rad8 17. Bxe4 Qxe4 18. Nd2 Qg4 19. e4 Qh3 20. f4 d3 21. Qf3 Rf6 22. Rad1 Rh6 23. Qg2 Qe6 24. b3 Nd4 25. Nc4 b5 26. Ne5 Rc8 27. Rxd3 Nc6 28. Rfd1 Qe7 29. Rd7 Qc5+ 30. Qf2 Qxf2+ 1-0

[Event "EU-ch (Women) 13th"]
[Site "Gaziantep"]
[Date "2012.03.09"]
[Round "7"]
[White "Bezgodova, Maria"]
[Black "Bodnaruk, Anastasia"]
[Result "1/2-1/2"]
[WhiteElo "2200"]
[BlackElo "2412"]
[PlyCount "192"]
[EventDate "2012.03.02"]
[EventType "swiss"]
[EventRounds "11"]
[EventCountry "TUR"]
[SourceTitle "CBM 147 Extra"]
[Source "ChessBase"]
[SourceDate "2012.04.24"]
[SourceVersion "1"]
[SourceVersionDate "2012.04.24"]
[SourceQuality "1"]

1. e4 c5 2. Nf3 d6 3. c3 Nf6 4. d3 g6 5. Be2 Bg7 6. 0-0 0-0 7. Re1 e5 8. Bf1 Nc6 9. h3 Ne8 10. Nbd2 f5 11. Nc4 f4 12. Be2 b5 13. Na3 a6 14. Nc2 Nc7 15. d4 Qe7 16. d5 Nd8 17. a4 Bd7 18. axb5 axb5 19. Rxa8 Nxa8 20. Na3 Nc7 21. Qb3 Qe8 22. Bd2 h5 23. Nh2 Bf6 24. Ra1 Nf7 25. Nf3 Nh6 26. Qd1 Rf7 27. Nh2 Kh7 28. Nc2 Rg7 29. Ra7 Bd8 30. h4 Bc8 31. Nf3 Nf7 32. Kh1 g5 33. hxg5 Nxg5 34. Nxg5+ Rxg5 35. Ne1 h4 36. Nf3 Rg7 37. Ng1 Qg6 38. Bf3 Kh8 39. Nh3 c4 40. Kh2 Rg8 41. Ra1 Na6 42. b4 cxb3 43. Qxb3 Nc5 44. Qc2 Bf6 45. Ra8 Qh7 46. Rb8 Qc7 47. Rxb5 Ba6 48. Rb4 Bd3 49. Qd1 Qh7 50. Qe1 Bc2 51. Qe2 Bd3 52. Qe1 Bc2 53. Qe2 Ra8 54. Bc1 Bd3 55. Qe1 Ra1 56. Rb8+ Kg7 57. Qd1 Qg6 58. Rc8 Bxe4 59. Rc7+ Kg8 60. Bxe4 Nxe4 61. Qc2 Qf5 62. Rc4 Ng3 63. Qb2 Rb1 64. Qa3 Bg7 65. Rb4 Ne2 66. Qa8+ Kh7 67. Rxb1 Qxb1 68. Ba3 Ng3 69. Ng1 Ne4 70. Qd8 Nf6 71. Kh1 Qe1 72. Bxd6 Qxf2 73. Bxe5 h3 74. gxh3 Nh5 75. Bxf4 Qxf4 76. Qe8 Ng3+ 77. Kg2 Nf5 78. Qh5+ Kg8 79. Qe8+ Kh7 80. Qh5+ Nh6 81. Ne2 Qd2 82. Qf3 Kg8 83. Qe4 Nf7 84. Qe8+ Bf8 85. Qe6 Bd6 86. Qg4+ Kf8 87. Qc8+ Ke7 88. Qe6+ Kd8 89. Qxf7 Qxe2+ 90. Qf2 Qe4+ 91. Qf3 Qc2+ 92. Kf1 Qb1+ 93. Kg2 Qc2+ 94. Kf1 Qc1+ 95. Kg2 Qg5+ 96. Kf1 Qc1+ 1/2-1/2